Central Library OPAC University of Rajshahi

This is Bangladesh. (Record no. 28712)

MARC details
000 -LEADER
fixed length control field 00682cam a2200229 i 4500
001 - CONTROL NUMBER
control field 28712
003 - CONTROL NUMBER IDENTIFIER
rucl marc code BD-RjUL
005 - DATE AND TIME OF LATEST TRANSACTION
control field 20211209051323.0
008 - FIXED-LENGTH DATA ELEMENTS--GENERAL INFORMATION
fixed length control field 140331s1974 bg af 000 0 eng
035 ## - SYSTEM CONTROL NUMBER
System control number (BD-RjUL)28794
040 ## - CATALOGING SOURCE
Original cataloging agency DLC
Transcribing agency DLC
Modifying agency DLC
Language of cataloging eng
041 ## - LANGUAGE CODE
Language code of text/sound track or separate title eng
082 00 - DEWEY DECIMAL CLASSIFICATION NUMBER
Classification number 954.92
Author mark and year THI 1974
110 1# - MAIN ENTRY--CORPORATE NAME
Corporate name or jurisdiction name as entry element Bangladesh.
Subordinate unit Tathya o Betāra Mantraṇālaya.
9 (RLIN) 87865
245 10 - TITLE STATEMENT
Title This is Bangladesh.
260 ## - PUBLICATION, DISTRIBUTION, ETC. (IMPRINT)
Place of publication, distribution, etc. [Dacca] :
Name of publisher, distributor, etc. Dept. of Publications, Ministry of Information and Broadcasting,
Date of publication, distribution, etc. 1974.
300 ## - PHYSICAL DESCRIPTION
Pagination 32 p., [8] leaves of plates :
Illustrations ill. ;
Size 22 cm.
651 #0 - SUBJECT ADDED ENTRY--GEOGRAPHIC NAME
Geographic name Bangladesh.
9 (RLIN) 87864
942 ## - ADDED ENTRY ELEMENTS (KOHA)
Source of classification or shelving scheme Dewey Decimal Classification
Koha item type Books
Holdings
Lost status Source of classification or shelving scheme Damaged status Not for loan Collection code Permanent Location Current Location Shelving location Date acquired Source of acquisition Cost, normal purchase price Total Checkouts Full call number Date last seen Copy number Koha item type
  Dewey Decimal Classification   Added to bundle Non-fiction Central Library, University of Rajshahi Central Library, University of Rajshahi Reading Room 12/11/1990 shqwkat osman dhaka 0.00   954.92 THI 1974 31/03/2014 C-1 Books